000 00616nmm a2200169Ia 4500
008 251105s9999||||xx |||||||||||||||||und||
020 _a9788491343479
041 _aspa
100 _aRius Ulldemolins, Joaquim
245 0 _aCultura, gobernanza local y desarrollo urbano :
_b Políticas culturales en Barcelona y València en perspectiva comparada
264 _a[Madrid, España] :
_bPublicaciones de la Universidad de Valencia (PUV),
_c2018
300 _a204 páginas
490 _aDesarrollo Territorial
650 _aCultural Studies
856 _uhttps://public.digitaliapublishing.com/a/62610
942 _cCF
999 _c88523
_d88523